000
00336 a2200109 4500
001
ART_19059
005
20260410161920.0
008
260409a
245
1
0
_a
Presunciones legales en la determinación impositiva
100
1
_a
Jarach, Dino
773
0
_t
La información
_g
- Tomo XXXVIII, Nº 588 (dic. 1978)
_w
REV14902
999
_c
27662
_d
27662